| 000 | 00970nas a2200313 4500 | ||
|---|---|---|---|
| 001 | BR2012001396 | ||
| 003 | BR-BrBNA | ||
| 005 | 20231205120217.0 | ||
| 007 | ta | ||
| 008 | 230509b bl.|||p| |||| 00| 00por d | ||
| 040 |
_aBR-BrBNA _bpor _cBiblioteca Nacional de Agricultura |
||
| 041 | _a(En) | ||
| 072 | _aF08; P34 | ||
| 100 | 1 | _aMuniz, L.C. | |
| 100 | 1 | _aMadari, B.E. | |
| 100 | 1 | _aTrovo, J.B. de F. | |
| 100 | 1 | _aCantanhêde, I.S. de L. | |
| 100 | 1 | _aMachado, P.L.O. de A. | |
| 100 | 1 | _aCobucci, T. | |
| 100 | 1 | _aFrança, A.F. de S. | |
| 245 | 1 | _aSoil biological attributes in pastures of different ages in a crop-livestock integrated system | |
| 650 | _aAGROSSILVICULTURA | ||
| 650 | _aBIOLOGIA DO SOLO | ||
| 650 | _aPASTAGEM | ||
| 650 | _aCARBONO | ||
| 773 | 0 |
_tPesquisa Agropecuária Brasileira (Brasil) _xISSN 0100-204X _g(Oct 2011), v. 46(10) p. 1262-1268 _wBR2012001396 |
|
| 909 |
_a202311 _bLúcia _c55 _dLúcia Elande |
||
| 942 |
_2AGRIS _n0 _cANA |
||
| 999 |
_c217459 _d217459 |
||